[Event "European Youth Chess Championship G14"]
[Site "Prague, Top Hotel Prague"]
[Date "2016.08.20"]
[Round "3.2"]
[White "Antova, Gabriela"]
[Black "Bucur, Denisa-Andreea"]
[Result "1-0"]
[WhiteElo "2241"]
[BlackElo "1893"]
[PlyCount "77"]
[EventDate "2016.08.18"]

1. d4 Nf6 2. c4 e6 3. Nf3 b6 4. g3 Ba6 5. Qc2 c5 6. d5 exd5 7. cxd5 g6 8. Bg2
Bg7 9. O-O O-O 10. Nc3 d6 11. a4 Bb7 12. e4 Na6 13. Nd2 Nb4 14. Qb3 Ng4 15. Nc4
Ne5 16. Nb5 Nxc4 17. Qxc4 a6 18. Na3 Qd7 19. Qb3 Rfe8 20. Bd2 a5 21. Nc4 Qd8
22. Bc3 Ba6 23. Rad1 b5 24. axb5 Bxb5 25. Bxg7 Kxg7 26. f4 Ra7 27. Rfe1 a4 28.
Qc3+ Kg8 29. Bf1 Bxc4 30. Bxc4 Qb6 31. e5 Rae7 32. h4 h5 33. Kh2 Kh7 34. Re2
Ra8 35. e6 Na6 36. Qf6 Qc7 37. f5 Nb4 38. exf7 Rxf7 39. fxg6+ 1-0

[Event "European Youth Chess Championship G14"]
[Site "Prague, Top Hotel Prague"]
[Date "2016.08.20"]
[Round "3.3"]
[White "Verbin, Valentina"]
[Black "Goltseva, Ekaterina"]
[Result "0-1"]
[WhiteElo "1928"]
[BlackElo "2213"]
[PlyCount "104"]
[EventDate "2016.08.18"]

1. e4 c5 2. Nf3 e6 3. d4 cxd4 4. Nxd4 Nf6 5. Nc3 Nc6 6. Ndb5 Bc5 7. Bf4 O-O 8.
e5 a6 9. exf6 Qxf6 10. Bg3 axb5 11. a3 Rxa3 12. Bxb5 Rxa1 13. Qxa1 d5 14. O-O
Nd4 15. Bd3 Bd7 16. Qa5 Rc8 17. Nb5 Bxb5 18. Bxb5 Qd8 19. Qxd8+ Rxd8 20. Bd3
Ra8 21. Rb1 Bb6 22. Kf1 f6 23. f4 Nc6 24. b4 Ra4 25. c3 Ra3 26. Be1 Kf7 27. Ke2
h6 28. h4 e5 29. fxe5 fxe5 30. Bd2 e4 31. Bc2 e3 32. Rf1+ Ke7 33. Bxe3 Rxc3 34.
Bxb6 Rxc2+ 35. Kf3 Nxb4 36. Rb1 Nc6 37. Bg1 Ne5+ 38. Kg3 Rc3+ 39. Kh2 Ng4+ 40.
Kh1 Rc7 41. Bb6 Rd7 42. Bd4 Ke6 43. Rf1 h5 44. Rf8 Rc7 45. g3 g6 46. Kg2 Rc4
47. Bg7 Rc2+ 48. Kf1 Kd7 49. Rf7+ Kc6 50. Rf8 Kb5 51. Rb8 Rc7 52. Rd8 Rxg7 0-1

[Event "European Youth Chess Championship G14"]
[Site "Prague, Top Hotel Prague"]
[Date "2016.08.20"]
[Round "3.4"]
[White "Palma, Maria"]
[Black "Peycheva, Gergana"]
[Result "0-1"]
[WhiteElo "1911"]
[BlackElo "2134"]
[PlyCount "108"]
[EventDate "2016.08.18"]

1. Nf3 c5 2. c4 Nc6 3. Nc3 g6 4. g3 Bg7 5. Bg2 b6 6. O-O Bb7 7. a3 d6 8. Rb1
Qd7 9. b4 e6 10. e3 Nge7 11. Qb3 O-O 12. Rd1 Ne5 13. Nxe5 Bxe5 14. d4 cxd4 15.
exd4 Bg7 16. Bg5 Nf5 17. Bxb7 Qxb7 18. Ne2 Rac8 19. Rbc1 Rfe8 20. Qd3 e5 21.
dxe5 Rxe5 22. Bf4 Re6 23. Bd2 Rxe2 24. Qxe2 Nd4 25. Qd3 Nf3+ 26. Kf1 Nxd2+ 27.
Ke2 Ne4 28. f3 Ng5 29. Kf2 Re8 30. Re1 Re6 31. Rxe6 Nxe6 32. Qxd6 Bd4+ 33. Kg2
Qa6 34. b5 Qc8 35. a4 Qc5 36. Qxc5 Nxc5 37. Rd1 Bc3 38. Rd8+ Kg7 39. Ra8 Nxa4
40. Rxa7 Nc5 41. Kf2 Bd4+ 42. Ke2 Kf6 43. Rc7 h5 44. Rc6+ Ne6 45. Rc8 Bg1 46.
h4 Bc5 47. Kf1 Nd4 48. Kg2 Nc2 49. Rc6+ Kg7 50. g4 Ne3+ 51. Kg3 Nxc4 52. gxh5
gxh5 53. Kf4 Nd6 54. Kg5 Nxb5 0-1

[Event "European Youth Chess Championship G14"]
[Site "Prague, Top Hotel Prague"]
[Date "2016.08.20"]
[Round "3.5"]
[White "Schneider, Jana"]
[Black "Moscicka, Pola"]
[Result "0-1"]
[WhiteElo "2105"]
[BlackElo "1853"]
[PlyCount "58"]
[EventDate "2016.08.18"]

1. e4 c6 2. Nc3 d5 3. Nf3 Bg4 4. h3 Bxf3 5. Qxf3 e6 6. g3 Nf6 7. d3 Bb4 8. a3
Ba5 9. Bd2 Nbd7 10. Bg2 O-O 11. Qe2 d4 12. Nd1 e5 13. f4 Bxd2+ 14. Qxd2 Nh5 15.
Qf2 exf4 16. gxf4 f5 17. e5 Re8 18. O-O Nf8 19. c3 Ne6 20. cxd4 Nhxf4 21. Kh2
g6 22. Bh1 Nxd3 23. Qg3 Qxd4 24. Rxf5 Rf8 25. Rf6 Rxf6 26. exf6 Rf8 27. Nc3
Rxf6 28. Qb8+ Rf8 29. Qxb7 Qf4+ 0-1

[Event "European Youth Chess Championship G14"]
[Site "Prague, Top Hotel Prague"]
[Date "2016.08.20"]
[Round "3.6"]
[White "Sankova, Stella"]
[Black "Nestorovic, Katarina"]
[Result "0-1"]
[WhiteElo "1898"]
[BlackElo "2059"]
[PlyCount "134"]
[EventDate "2016.08.18"]

1. d4 Nf6 2. c4 e6 3. Nc3 Bb4 4. Qc2 b6 5. a3 Bxc3+ 6. Qxc3 Bb7 7. f3 d6 8. e4
Qe7 9. Bd3 e5 10. d5 Nbd7 11. Ne2 O-O 12. Be3 a5 13. g4 Nc5 14. Ng3 Bc8 15. Bc2
a4 16. h4 Ne8 17. h5 Bd7 18. Nf5 Bxf5 19. gxf5 f6 20. Qd2 Kf7 21. Rg1 Rg8 22.
Qh2 Qf8 23. O-O-O Ke7 24. Rg4 h6 25. Rdg1 Rh8 26. Qd2 Qf7 27. Rh1 Kd8 28. Qb4
Qd7 29. Rhg1 Rf8 30. Kd2 Kc8 31. Ke2 Kb7 32. Bxc5 dxc5 33. Qc3 Rf7 34. Rd1 Nd6
35. Bd3 Rff8 36. Rdg1 Rf7 37. Rd1 Ra7 38. Rg2 Re7 39. Ke3 Qe8 40. Rh2 Nf7 41.
Bf1 Rd7 42. Bh3 c6 43. Rhd2 cxd5 44. cxd5 Nd6 45. Bg4 Rc7 46. Rc2 b5 47. Kf2
Ka8 48. Rdc1 Qb8 49. Qd3 Qb6 50. Kg3 Kb8 51. Bh3 Rc8 52. Bf1 Rac7 53. b3 axb3
54. Qxb3 c4 55. Qb4 Qc5 56. Rb2 Ra7 57. Rc3 Qxb4 58. Rxb4 Kb7 59. Be2 Kb6 60.
Bd1 Kc5 61. Kf2 Rxa3 62. Rxa3 Kxb4 63. Ra7 Ne8 64. Ke3 Kc3 65. d6 Nxd6 66. Rxg7
b4 67. Rg6 b3 0-1

[Event "European Youth Chess Championship G14"]
[Site "Prague, Top Hotel Prague"]
[Date "2016.08.20"]
[Round "3.7"]
[White "Swiech, Joanna"]
[Black "Vinokur, Yuliya"]
[Result "1-0"]
[WhiteElo "1888"]
[BlackElo "1976"]
[PlyCount "97"]
[EventDate "2016.08.18"]

1. c4 Nf6 2. g3 c5 3. Bg2 d5 4. cxd5 Nxd5 5. Nc3 Nc7 6. Nf3 Nc6 7. d3 e5 8. O-O
Be7 9. Nd2 O-O 10. Nc4 f6 11. f4 exf4 12. Bxf4 Be6 13. Qb3 Rb8 14. Qa4 g5 15.
Bxc7 Qxc7 16. Ne3 Qe5 17. Qe4 f5 18. Qxe5 Nxe5 19. Bd5 Bxd5 20. Ncxd5 Rf7 21.
Rxf5 Ng6 22. Raf1 Rxf5 23. Nxf5 Bf8 24. Nc3 Ne7 25. Ne4 Nxf5 26. Rxf5 Bg7 27.
Nxc5 h6 28. b3 Rc8 29. Nxb7 Rc2 30. Kf1 Bd4 31. Rd5 Bb6 32. d4 Rxa2 33. Rd6 Kg7
34. Nc5 Rb2 35. Kf2 g4 36. Re6 Kh7 37. Re3 Rc2 38. Rd3 Kg6 39. Nd7 Bc7 40. Ne5+
Kf5 41. Nc4 Ke4 42. d5 Bb6+ 43. Nxb6 axb6 44. d6 Rc8 45. d7 Rd8 46. Ke1 h5 47.
Kd2 b5 48. Kc3 Ke5 49. Kb4 1-0

[Event "European Youth Chess Championship G14"]
[Site "Prague, Top Hotel Prague"]
[Date "2016.08.20"]
[Round "3.8"]
[White "Muetsch, Annmarie"]
[Black "Esadze, Tamari"]
[Result "1-0"]
[WhiteElo "1966"]
[BlackElo "1763"]
[PlyCount "151"]
[EventDate "2016.08.18"]

1. e4 c5 2. Nf3 d6 3. d4 cxd4 4. Nxd4 Nf6 5. Nc3 Nc6 6. f3 e5 7. Nb3 Be6 8. Nd5
Nxe4 9. fxe4 Qh4+ 10. Kd2 g6 11. g3 Qd8 12. Ke1 Bg7 13. Be3 O-O 14. Nd2 f5 15.
Nf3 h6 16. Nh4 f4 17. Bf2 g5 18. Nf3 Rc8 19. c3 Qd7 20. Be2 Qf7 21. Qd3 Ne7 22.
Nxe7+ Qxe7 23. gxf4 Rxf4 24. Bg3 Rff8 25. b3 Bh3 26. Rd1 Rcd8 27. c4 Qf6 28.
Rg1 Qe7 29. Bf2 Qf7 30. Qe3 Be6 31. Rg3 b6 32. Nd2 Qd7 33. h3 Rf4 34. Bg4 Bxg4
35. Rxg4 Rxg4 36. hxg4 Qxg4 37. Qf3 Qe6 38. Qf5 Qe7 39. Be3 Rf8 40. Qg4 Rf6 41.
Ke2 Qe6 42. Qxe6+ Rxe6 43. Nf1 Kf7 44. Ng3 Bf8 45. Rf1+ Ke8 46. Nf5 Rg6 47. Kf3
Kd7 48. a4 Kc6 49. a5 Kb7 50. Rd1 bxa5 51. Ra1 a6 52. Kg4 Re6 53. Rxa5 Be7 54.
Rd5 Kc6 55. Bc1 Bf8 56. Ba3 Kc7 57. b4 Kc6 58. Bc1 Re8 59. Ra5 Kb7 60. Be3 Rc8
61. b5 Rxc4 62. bxa6+ Ka8 63. Kf3 g4+ 64. Ke2 Rxe4 65. Kd3 Rb4 66. a7 Rb7 67.
Kc4 Rc7+ 68. Kd5 Rc8 69. Ke6 Rd8 70. Bb6 Rc8 71. Kd7 Rc3 72. Ne3 d5 73. Nxd5
Rd3 74. Kc8 Bd6 75. Bc7 Rb3 76. Bxd6 1-0

[Event "European Youth Chess Championship G14"]
[Site "Prague, Top Hotel Prague"]
[Date "2016.08.20"]
[Round "3.9"]
[White "Hercog, Nusa"]
[Black "Beydullayeva, Govhar"]
[Result "0-1"]
[WhiteElo "1865"]
[BlackElo "1945"]
[PlyCount "104"]
[EventDate "2016.08.18"]

1. d4 d5 2. c4 c6 3. Nf3 Nf6 4. Nc3 e6 5. Qb3 dxc4 6. Qxc4 b5 7. Qd3 Ba6 8. Qc2
Nbd7 9. e4 Qa5 10. Nd2 Qb6 11. Nb3 c5 12. dxc5 Nxc5 13. Be3 Rc8 14. Rc1 Nfd7
15. Be2 Be7 16. O-O O-O 17. Qb1 Qb8 18. Nd4 b4 19. Bxa6 Nxa6 20. Nce2 Nac5 21.
Ng3 Qb7 22. Rfd1 Ne5 23. Bf4 Ng6 24. Be3 Ne5 25. Bf4 Nc6 26. Be3 Nxd4 27. Bxd4
Rc6 28. b3 Rfc8 29. Rc4 a5 30. Qc2 Nd7 31. Rc1 Rxc4 32. bxc4 Bg5 33. Rf1 Qc6
34. Rd1 Qxc4 35. Qxc4 Rxc4 36. f4 Bh4 37. Bf2 Nf8 38. Bb6 Be7 39. Bxa5 Rc2 40.
Ra1 Bc5+ 41. Kh1 Ng6 42. Nh5 Nh4 43. Rd1 h6 44. e5 Rxa2 45. Bc7 Nxg2 46. Bd6
Be3 47. Bxb4 Nxf4 48. Nxf4 Bxf4 49. Rd8+ Kh7 50. Rd7 Kg6 51. Bd6 Rxh2+ 52. Kg1
Rd2 0-1

[Event "European Youth Chess Championship G14"]
[Site "Prague, Top Hotel Prague"]
[Date "2016.08.20"]
[Round "3.10"]
[White "Sibajeva, Marija"]
[Black "Vetshtein, Lior"]
[Result "1-0"]
[WhiteElo "2021"]
[BlackElo "1489"]
[PlyCount "59"]
[EventDate "2016.08.18"]

1. e4 e6 2. b3 d5 3. Bb2 c5 4. exd5 exd5 5. Nf3 Nf6 6. Bb5+ Bd7 7. Qe2+ Qe7 8.
Bxf6 Bxb5 9. Bxe7 Bxe2 10. Bxf8 Bxf3 11. Bxc5 Bxg2 12. Rg1 Be4 13. d3 Bg6 14.
Nc3 Na6 15. Bd4 Nb4 16. Kd2 f6 17. Rae1+ Kd7 18. Bc5 Na6 19. Ba3 Rhe8 20. Nxd5
Rac8 21. Rxe8 Rxe8 22. Nf4 Kc6 23. Nxg6 hxg6 24. Rxg6 Rh8 25. Rxg7 Rxh2 26. Ke2
Rh1 27. Bb2 Nb4 28. Kd2 Rh2 29. Bd4 Nxa2 30. Rf7 1-0

[Event "European Youth Chess Championship G14"]
[Site "Prague, Top Hotel Prague"]
[Date "2016.08.20"]
[Round "3.11"]
[White "Olde, Grete"]
[Black "Malicka, Maria"]
[Result "0-1"]
[WhiteElo "1727"]
[BlackElo "2009"]
[PlyCount "48"]
[EventDate "2016.08.18"]

1. e4 c5 2. c3 Nf6 3. e5 Nd5 4. d4 cxd4 5. cxd4 d6 6. Nf3 Nc6 7. Bc4 Nb6 8. Bb3
dxe5 9. Nxe5 Nxe5 10. dxe5 Qxd1+ 11. Bxd1 Bd7 12. f4 Rc8 13. Nc3 e6 14. Bf3 Bb4
15. Bxb7 Rxc3 16. bxc3 Bxc3+ 17. Kf2 Bxa1 18. Ba3 Bd4+ 19. Kf3 Nc4 20. Bb4 a5
21. Rc1 Nxe5+ 22. fxe5 axb4 23. Ke4 Bc3 24. Rd1 Ke7 0-1

[Event "European Youth Chess Championship G14"]
[Site "Prague, Top Hotel Prague"]
[Date "2016.08.20"]
[Round "3.12"]
[White "Simkunaite, Gabija"]
[Black "Aciu, Malina-Andreea"]
[Result "0-1"]
[WhiteElo "1629"]
[BlackElo "1935"]
[PlyCount "84"]
[EventDate "2016.08.18"]

1. e4 c5 2. c3 Nf6 3. e5 Nd5 4. d4 cxd4 5. Nf3 e6 6. cxd4 b6 7. Bc4 Bb7 8. Nc3
Nxc3 9. bxc3 Qc7 10. Qd3 d6 11. Bf4 Nd7 12. O-O Be7 13. Bb3 Rd8 14. exd6 Bxd6
15. Bxd6 Qxd6 16. Rfe1 Bxf3 17. Qxf3 O-O 18. Rad1 Rde8 19. c4 a5 20. c5 Qc7 21.
cxb6 Nxb6 22. d5 a4 23. d6 Qa7 24. d7 Nxd7 25. Bxa4 Qxa4 26. Re4 Qc6 27. Qf4
Nf6 28. Ree1 Rd8 29. Rxd8 Rxd8 30. Rc1 Qd5 31. g3 Qxa2 32. Qc7 Qd5 33. Ra1 h6
34. Ra7 Qd7 35. Qb6 Qd6 36. Qb2 Qc6 37. Ra1 Qf3 38. Qc2 Ne4 39. Rf1 Rd2 40.
Qc8+ Kh7 41. Qb7 Rxf2 42. Rxf2 Qxf2+ 0-1

[Event "European Youth Chess Championship G14"]
[Site "Prague, Top Hotel Prague"]
[Date "2016.08.20"]
[Round "3.13"]
[White "Daniel, Sharon"]
[Black "Beshukova, Alina"]
[Result "1/2-1/2"]
[WhiteElo "1411"]
[BlackElo "1920"]
[PlyCount "125"]
[EventDate "2016.08.18"]

1. d4 Nf6 2. c4 g6 3. Nf3 Bg7 4. g3 O-O 5. Bg2 d6 6. O-O Nbd7 7. Qc2 e5 8. Rd1
c6 9. dxe5 dxe5 10. Nxe5 Qe7 11. Nxd7 Bxd7 12. Nc3 Be6 13. Bf4 Rfd8 14. b3 Nh5
15. Bd2 Bf5 16. e4 Bg4 17. Re1 Qd6 18. Bg5 Qd3 19. Rac1 Qxc2 20. Rxc2 Rd3 21.
Ne2 a5 22. h3 Bxe2 23. Rexe2 a4 24. b4 Bc3 25. Bd2 Bd4 26. Kh2 Re8 27. Bf1 Nf6
28. Kg2 Ra3 29. b5 c5 30. f3 Nd7 31. Bc1 Rc3 32. Rxc3 Bxc3 33. Bb2 Bb4 34. a3
Ba5 35. Rc2 Rd8 36. f4 Nf8 37. Bf6 Rd7 38. f5 Bd8 39. Bc3 Bg5 40. Be2 Rd8 41.
Ba5 Rd4 42. fxg6 Nxg6 43. Bf3 Ne5 44. Be2 Rxe4 45. Bb6 Be3 46. Bf1 Kf8 47. Re2
Nd7 48. Kf3 Re6 49. Rxe3 Rf6+ 50. Ke2 Nxb6 51. Rc3 Re6+ 52. Kd2 Rd6+ 53. Bd3
Rd4 54. Ke3 Kg7 55. Rc1 h6 56. Kd2 f6 57. Kc3 Nd7 58. Re1 Ne5 59. Bf1 Kg6 60.
Rb1 b6 61. Be2 Kg7 62. Rd1 Re4 63. Bf1 $11 1/2-1/2

[Event "European Youth Chess Championship G14"]
[Site "Prague, Top Hotel Prague"]
[Date "2016.08.20"]
[Round "3.14"]
[White "Richterova, Julie"]
[Black "Gresova, Zuzana"]
[Result "0-1"]
[WhiteElo "1592"]
[BlackElo "1810"]
[PlyCount "32"]
[EventDate "2016.08.18"]

1. d4 d5 2. c4 e6 3. Nc3 c6 4. Nf3 Nf6 5. e3 Nbd7 6. Bd3 dxc4 7. Bxc4 b5 8. Bd3
b4 9. Ne4 Be7 10. Nxf6+ Nxf6 11. Ne5 Bb7 12. Qa4 Qb6 13. Bd2 O-O 14. O-O c5 15.
dxc5 Qxc5 16. Nc4 Qd5 0-1

[Event "European Youth Chess Championship G14"]
[Site "Prague, Top Hotel Prague"]
[Date "2016.08.20"]
[Round "3.15"]
[White "Slaba, Andrea"]
[Black "Solozhenkina, Elizaveta"]
[Result "1/2-1/2"]
[WhiteElo "1753"]
[BlackElo "2275"]
[PlyCount "51"]
[EventDate "2016.08.18"]

1. Nf3 Nf6 2. c4 e6 3. e3 Be7 4. Be2 O-O 5. O-O d5 6. b3 Nbd7 7. Bb2 b6 8. d3
Bb7 9. Nbd2 c5 10. Rc1 a6 11. Rc2 b5 12. Qa1 Bc6 13. Ne5 Nxe5 14. Bxe5 a5 15.
cxb5 Bxb5 16. a4 Ba6 17. Rfc1 Qb6 18. Bf1 Rfc8 19. d4 cxd4 20. Bxd4 Qb7 21.
Bxa6 Qxa6 22. Rxc8+ Rxc8 23. Rxc8+ Qxc8 24. Qc3 Qd8 25. Qc6 Bb4 26. Bxf6
1/2-1/2

[Event "European Youth Chess Championship G14"]
[Site "Prague, Top Hotel Prague"]
[Date "2016.08.20"]
[Round "3.16"]
[White "Berdnyk, Mariia"]
[Black "Kvendseth, Thyra"]
[Result "1-0"]
[WhiteElo "2204"]
[BlackElo "1735"]
[PlyCount "91"]
[EventDate "2016.08.18"]

1. e4 e5 2. Nf3 Nc6 3. Bb5 a6 4. Ba4 Nf6 5. d4 exd4 6. O-O Be7 7. e5 Nd5 8. Bb3
Nb6 9. Bf4 O-O 10. Nxd4 Nxd4 11. Qxd4 d6 12. exd6 Bxd6 13. Bxd6 Qxd6 14. Qxd6
cxd6 15. Rd1 Rd8 16. Nc3 Bf5 17. Rd2 Rd7 18. Rad1 Rad8 19. a4 d5 20. Nxd5 Nxd5
21. Rxd5 Rxd5 22. Rxd5 Rxd5 23. Bxd5 Bxc2 24. a5 Bd3 25. Bxb7 Kf8 26. f3 Ke7
27. Kf2 Kd6 28. b4 Bb5 29. Ke3 h6 30. Kd4 f6 31. Bd5 Bd7 32. Bc4 Bc8 33. b5
axb5 34. Bxb5 f5 35. a6 g6 36. a7 Bb7 37. Be8 g5 38. Bg6 Ke6 39. g4 fxg4 40.
Be4 gxf3 41. Bxb7 g4 42. a8=Q h5 43. Qe8+ Kf6 44. Qe5+ Kg6 45. Be4+ Kh6 46.
Qf6# 1-0

[Event "European Youth Chess Championship G14"]
[Site "Prague, Top Hotel Prague"]
[Date "2016.08.20"]
[Round "3.17"]
[White "Tomcikova, Dominika"]
[Black "Kovacs, Judit"]
[Result "1/2-1/2"]
[WhiteElo "1741"]
[BlackElo "2167"]
[PlyCount "138"]
[EventDate "2016.08.18"]

1. e4 c5 2. Nc3 e6 3. f4 d5 4. Bb5+ Bd7 5. Bxd7+ Qxd7 6. exd5 exd5 7. Nf3 Nf6
8. Ne5 Qd8 9. Qe2 Be7 10. Qb5+ Nbd7 11. Qxb7 Qc8 12. Qxc8+ Rxc8 13. Nxd7 Kxd7
14. d3 Rhe8 15. O-O Bd6 16. Bd2 d4 17. Nb5 Re2 18. Nxd6 Kxd6 19. Rf2 Rce8 20.
h3 c4 21. dxc4 Kc5 22. a3 Kxc4 23. Bb4 Nd5 24. Bd2 Nf6 25. Raf1 Rxf2 26. Rxf2
Ne4 27. Re2 d3 28. b3+ Kd4 29. c3+ Kc5 30. Re3 f5 31. Rxd3 Rb8 32. Be3+ Kc6 33.
b4 Kb5 34. Rd5+ Kc4 35. Rxf5 Nxc3 36. Bxa7 Rb7 37. Bc5 Kb3 38. Kf2 Kxa3 39. Ke3
Nb5 40. Re5 Nc7 41. Ke4 Na6 42. b5+ Nxc5+ 43. Rxc5 Kb4 44. Re5 Ka5 45. g4 Kb6
46. f5 Ra7 47. h4 Ra4+ 48. Kf3 h5 49. gxh5 Rxh4 50. Re7 Rxh5 51. Kg4 Rh1 52.
Re5 Rf1 53. Kg5 Rg1+ 54. Kf4 Rf1+ 55. Ke4 Rd1 56. Rd5 Re1+ 57. Kf4 Re2 58. Re5
Rd2 59. Ke4 Rd1 60. Rd5 Re1+ 61. Kd4 Re2 62. Re5 Rd2+ 63. Kc4 Rc2+ 64. Kd5 Kxb5
65. Ke6+ Kc6 66. Kf7 Rg2 67. Re6+ Kd5 68. Rg6 Rf2 69. Rg5 Ke4 1/2-1/2

[Event "European Youth Chess Championship G14"]
[Site "Prague, Top Hotel Prague"]
[Date "2016.08.20"]
[Round "3.18"]
[White "Zotova, Anastasia"]
[Black "Kulpa, Zuzanna"]
[Result "1-0"]
[WhiteElo "2137"]
[BlackElo "1719"]
[PlyCount "47"]
[EventDate "2016.08.18"]

1. e4 c6 2. d4 d5 3. Nc3 dxe4 4. Nxe4 Bf5 5. Ng3 Bg6 6. h4 h6 7. Nf3 Nd7 8. h5
Bh7 9. Bd3 Bxd3 10. Qxd3 e6 11. Bd2 Ngf6 12. O-O-O Qc7 13. Kb1 O-O-O 14. Rhe1
Bd6 15. Ne4 Nxh5 16. Nxd6+ Qxd6 17. Qb3 Nb6 18. Ne5 Qc7 19. Qf3 Nf6 20. Bf4 Qe7
21. Nxc6 Qf8 22. Nxa7+ Kd7 23. Qxb7+ Ke8 24. Qxb6 1-0

[Event "European Youth Chess Championship G14"]
[Site "Prague, Top Hotel Prague"]
[Date "2016.08.20"]
[Round "3.19"]
[White "Bulatova, Kamaliya"]
[Black "Sidamonidze, Anastasia"]
[Result "1-0"]
[WhiteElo "1999"]
[BlackElo "1690"]
[PlyCount "99"]
[EventDate "2016.08.18"]

1. d4 Nf6 2. c4 g6 3. Nc3 d5 4. Bf4 Bg7 5. e3 c5 6. dxc5 Qa5 7. Rc1 dxc4 8.
Bxc4 O-O 9. Nf3 Qxc5 10. Bb3 Nc6 11. O-O Qa5 12. h3 Bf5 13. Qe2 Ne4 14. Nxe4
Bxe4 15. Rfd1 Rad8 16. Rxd8 Qxd8 17. Rd1 Bxf3 18. Qxf3 Qb6 19. h4 Na5 20. Rd7
Bxb2 21. Rxe7 Qf6 22. Rd7 Nxb3 23. axb3 Qc6 24. Qxc6 bxc6 25. Rxa7 Rc8 26. b4
Bf6 27. g3 Bc3 28. Bd6 Rd8 29. Bc5 Rb8 30. Ra4 Kg7 31. Kf1 Kf6 32. Ke2 Ke6 33.
Ra3 Be5 34. Ra6 Kd7 35. Ra7+ Ke6 36. Re7+ Kf6 37. f4 Bc3 38. Re4 Kf5 39. Rc4
Bf6 40. Bd6 Rb6 41. Bc7 Ra6 42. Rc5+ Kg4 43. Ra5 Rxa5 44. bxa5 Be7 45. Bb6 Bd6
46. a6 Bb8 47. Kf2 Kf5 48. Kf3 Ke6 49. Ke4 Kd6 50. Kd4 1-0

[Event "European Youth Chess Championship G14"]
[Site "Prague, Top Hotel Prague"]
[Date "2016.08.20"]
[Round "3.20"]
[White "Koroleva, Evgeniya"]
[Black "Golsta, Madara"]
[Result "1-0"]
[WhiteElo "1940"]
[BlackElo "1675"]
[PlyCount "63"]
[EventDate "2016.08.18"]

1. d4 Nf6 2. c4 c5 3. d5 b5 4. cxb5 a6 5. bxa6 g6 6. Nc3 Bxa6 7. e4 Bxf1 8.
Kxf1 d6 9. Nf3 Nbd7 10. g3 Bg7 11. Kg2 O-O 12. a4 Nb6 13. Qc2 Qd7 14. Bd2 Rfb8
15. b3 Ne8 16. Rab1 c4 17. bxc4 Nxc4 18. Rxb8 Rxb8 19. Nb5 Nxd2 20. Nxd2 Rc8
21. Qd3 Nc7 22. Rc1 Bh6 23. Rxc7 Rxc7 24. Nxc7 Qxc7 25. Qc4 Qa7 26. Nb3 Bg5 27.
a5 Bf6 28. a6 Kg7 29. Na5 Qa8 30. Nc6 e6 31. a7 exd5 32. exd5 1-0

[Event "European Youth Chess Championship G14"]
[Site "Prague, Top Hotel Prague"]
[Date "2016.08.20"]
[Round "3.21"]
[White "Pipia, Ekaterine"]
[Black "Andrade, Sandoval Bianca"]
[Result "1-0"]
[WhiteElo "1661"]
[BlackElo "1899"]
[PlyCount "71"]
[EventDate "2016.08.18"]

1. d4 d5 2. c4 e6 3. Nf3 Nf6 4. Bg5 c6 5. e3 Nbd7 6. Nc3 Be7 7. Bd3 a6 8. O-O
dxc4 9. Bxc4 b5 10. Bb3 Bb7 11. Rc1 O-O 12. Qe2 c5 13. Rfd1 c4 14. Bc2 h6 15.
Bh4 Qa5 16. e4 b4 17. e5 Bxf3 18. Qxf3 Nd5 19. Nxd5 Bxh4 20. Qe4 g6 21. Nf4 f5
22. exf6 Rxf6 23. Qxa8+ Kg7 24. Qe4 Nf8 25. Nxe6+ Nxe6 26. Qxh4 Qd5 27. Qe4 Qg5
28. d5 Nf4 29. Kh1 Rf7 30. d6 Rd7 31. Ba4 Nd3 32. Rxd3 cxd3 33. Qd4+ Kh7 34.
Rc8 Rd8 35. Rc7+ Kg8 36. Qg7# 1-0

[Event "European Youth Chess Championship G14"]
[Site "Prague, Top Hotel Prague"]
[Date "2016.08.20"]
[Round "3.22"]
[White "Strukova, Ksenia"]
[Black "Grimaldi, Angela Flavia"]
[Result "1-0"]
[WhiteElo "1894"]
[BlackElo "1662"]
[PlyCount "73"]
[EventDate "2016.08.18"]

1. e4 c5 2. Nf3 g6 3. d4 cxd4 4. Nxd4 Bg7 5. Nc3 Nc6 6. Be3 Nf6 7. Bc4 O-O 8.
Bb3 d6 9. f3 Nxd4 10. Bxd4 Be6 11. Qd2 Qa5 12. O-O-O Rfc8 13. Kb1 b5 14. Rhe1
Nd7 15. Nd5 Qxd2 16. Nxe7+ Kf8 17. Bxg7+ Kxe7 18. Rxd2 f6 19. Bh6 g5 20. Bxe6
Kxe6 21. h4 Rg8 22. hxg5 fxg5 23. Red1 Ne5 24. Rxd6+ Ke7 25. f4 Nf7 26. Rd7+
Ke8 27. Bxg5 Nxg5 28. fxg5 Rxg5 29. Rxh7 Rg8 30. Rh5 a6 31. b3 Ra7 32. Rf1 Re7
33. Rf6 b4 34. Rxa6 Rxe4 35. Ra7 Rd4 36. Ra8+ Rd8 37. Ra7 1-0

[Event "European Youth Chess Championship G14"]
[Site "Prague, Top Hotel Prague"]
[Date "2016.08.20"]
[Round "3.23"]
[White "Akulova, Alicia"]
[Black "Ferkova, Dominika"]
[Result "0-1"]
[WhiteElo "1611"]
[BlackElo "1885"]
[PlyCount "102"]
[EventDate "2016.08.18"]

1. e4 c6 2. d4 d5 3. exd5 cxd5 4. c4 Nf6 5. Nc3 Nc6 6. Nf3 Bg4 7. cxd5 Nxd5 8.
Qb3 Bxf3 9. gxf3 e6 10. Qxb7 Nxd4 11. Bb5+ Nxb5 12. Qc6+ Ke7 13. Qxb5 Nxc3 14.
bxc3 Qd7 15. Qe5 f6 16. Qe4 Rc8 17. Be3 Kf7 18. Rd1 Qc7 19. O-O Bd6 20. f4 h6
21. Rfe1 f5 22. Qa4 Rhd8 23. Qxa7 Qxa7 24. Bxa7 Bxf4 25. Rxd8 Rxd8 26. Bd4 e5
27. Be3 Bxe3 28. Rxe3 Kf6 29. Kf1 f4 30. Re1 Rd3 31. Rc1 Rd7 32. a4 Ra7 33. c4
Rxa4 34. c5 Ra7 35. c6 Rc7 36. Kg2 Kf5 37. f3 Ke6 38. Kh3 Kd6 39. Kg4 Rxc6 40.
Rxc6+ Kxc6 41. Kf5 Kd5 42. h4 Kd4 43. h5 Ke3 44. Kxe5 Kxf3 45. Kf5 Ke3 46. Kg6
f3 47. Kxg7 f2 48. Kxh6 f1=Q 49. Kg7 Qg2+ 50. Kh7 Qe4+ 51. Kg7 Qg4+ 0-1

[Event "European Youth Chess Championship G14"]
[Site "Prague, Top Hotel Prague"]
[Date "2016.08.20"]
[Round "3.24"]
[White "Bogdanic, Katarina"]
[Black "Merkesvik, Amalie Isabel"]
[Result "1-0"]
[WhiteElo "1883"]
[BlackElo "1639"]
[PlyCount "79"]
[EventDate "2016.08.18"]

1. c4 Nf6 2. Nf3 c6 3. g3 d5 4. Bg2 Bf5 5. O-O e6 6. d4 Be7 7. Nc3 h6 8. Qb3
Qc8 9. cxd5 cxd5 10. Bf4 a6 11. Rac1 Nc6 12. Na4 Bd8 13. Ne5 Nd7 14. Nxd7 Qxd7
15. Nc5 Na5 16. Qe3 Qe7 17. Qa3 b6 18. Qa4+ b5 19. Qd1 O-O 20. b3 Bb6 21. Qd2
Rfc8 22. e4 dxe4 23. Nxe4 Bxe4 24. Bxe4 Rxc1 25. Rxc1 Rd8 26. Be3 f5 27. Bg2
Nb7 28. d5 Bxe3 29. Qxe3 Rd6 30. dxe6 Nd8 31. Qe5 Qxe6 32. Qc3 Qe2 33. Bf3 Qe7
34. Re1 Qd7 35. Kg2 Ne6 36. Qe5 Nd4 37. Rd1 Kf8 38. h3 Qe7 39. Qc5 Qd7 40. Rxd4
1-0

[Event "European Youth Chess Championship G14"]
[Site "Prague, Top Hotel Prague"]
[Date "2016.08.20"]
[Round "3.25"]
[White "Zhbanova, Angelina"]
[Black "Koubova, Anna Marie"]
[Result "1-0"]
[WhiteElo "1465"]
[BlackElo "1868"]
[PlyCount "77"]
[EventDate "2016.08.18"]

1. e4 c5 2. Nf3 e6 3. d4 cxd4 4. Nxd4 Nf6 5. Nc3 Nc6 6. Ndb5 Bb4 7. a3 Bxc3+ 8.
Nxc3 d5 9. exd5 exd5 10. Bd3 O-O 11. O-O d4 12. Ne2 Bg4 13. h3 Bh5 14. Bf4 Bg6
15. Ng3 Re8 16. Bg5 Ne5 17. Bb5 Re6 18. f4 Qb6 19. Bd3 Bxd3 20. cxd3 Ned7 21.
Qd2 Nc5 22. f5 Ree8 23. Rae1 Nd5 24. Ne4 Nxe4 25. dxe4 Ne3 26. Bxe3 dxe3 27.
Qxe3 Qxb2 28. e5 b6 29. f6 Qc2 30. Rf2 Qc5 31. Qg5 Qf8 32. Rf4 h6 33. Qg3 g6
34. e6 Rxe6 35. Rxe6 fxe6 36. Qxg6+ Kh8 37. Rh4 Qc5+ 38. Kh1 Qc1+ 39. Kh2 1-0